| 000 | 00611nam a2200229Ia 4500 | ||
|---|---|---|---|
| 005 | 20260320201857.0 | ||
| 008 | 008 262003s9999 xx 000 0 eng d | ||
| 037 | _aEBOOK | ||
| 040 | _aCRL | ||
| 040 | _beng | ||
| 040 | _cCRL | ||
| 041 | _2eng | ||
| 041 | _aeng | ||
| 084 | _qCRL | ||
| 100 | _aJain | ||
| 245 | 0 | _aIoT and OT Security Handbook: Assess risks, manage vulnerabilities, and monitor threats with Microsoft Defender for IoT | |
| 260 | _bIEEE | ||
| 856 | _uhttps://ieeexplore.ieee.org/servlet/opac?bknumber=10162447 | ||
| 942 | _cEBOOK | ||
| 999 |
_c1724044 _d1724044 |
||